MARC details
| 000 -CABECERA |
| campo de control de longitud fija |
02081nam a2200301 a 4500 |
| 001 - NÚMERO DE CONTROL |
| campo de control |
000000690 |
| 003 - IDENTIFICADOR DEL NÚMERO DE CONTROL |
| campo de control |
DO-SdBNP |
| 005 - FECHA Y HORA DE LA ÚLTIMA TRANSACCIÓN |
| campo de control |
20221215135916.0 |
| 007 - CAMPO FIJO DE DESCRIPCIÓN FÍSICA--INFORMACIÓN GENERAL |
| campo de control de longitud fija |
ta |
| 008 - DATOS DE LONGITUD FIJA--INFORMACIÓN GENERAL |
| campo de control de longitud fija |
090422s2003 dr a 000 0 spa d |
| 040 ## - FUENTE DE LA CATALOGACIÓN |
| Centro catalogador/agencia de origen |
DO-SdBNP |
| Lengua de catalogación |
spa |
| Centro/agencia transcriptor |
BNPHU |
| 082 #4 - NÚMERO DE LA CLASIFICACIÓN DECIMAL DEWEY |
| Número de clasificación |
370.115097293 |
| Número de documento/Ítem |
P762h |
| Número de edición |
22 |
| 100 1# - ENTRADA PRINCIPAL--NOMBRE DE PERSONA |
| Nombre de persona |
Polanco, Vielka |
| 9 (RLIN) |
2348 |
| 245 10 - MENCIÓN DE TÍTULO |
| Título |
Hacia un plan nacional de educación en derechos humanos : |
| Resto del título |
lineamientos estratégicos 2004-2008 / |
| Mención de responsabilidad, etc. |
Vielka Polanco, Marta Rodríguez , Jacqueline Jiménez Polanco ; presentación, Nick Fabiancic, Luis Tiburcio ; prefacio primera dama de la República Dominicana Rosa Gómez de Mejía. |
| 260 ## - PUBLICACIÓN, DISTRIBUCIÓN, ETC. |
| Lugar de publicación, distribución, etc. |
Santo Domingo : |
| Nombre del editor, distribuidor, etc. |
UNESCO : PNUD, |
| Fecha de publicación, distribución, etc. |
2003. |
| 300 ## - DESCRIPCIÓN FÍSICA |
| Extensión |
2v. : |
| Otras características físicas |
il. ; |
| Dimensiones |
27 cm. |
| 505 0# - NOTA DE CONTENIDO CON FORMATO |
| Información miscelánea |
v. 1. |
| Título |
Diagnóstico -- |
| -- |
Prefacio -- |
| -- |
Presentación -- |
| -- |
Introducción -- |
| -- |
Antecedentes -- |
| -- |
Fundamentos teóricos y metodológicos -- |
| -- |
Metodología -- |
| -- |
Matriz utilizada para la recopilación y examen de información -- |
| -- |
Diagnóstico de la educación en derechos humanos en la enseñanza formal básica, media, superior y la formación de maestros/as / |
| Mención de responsabilidad |
Vielka Polanco -- |
| Título |
Diagnóstico sobre la situación de la educación en derechos humanos en administración pública, sector justicia, las Fuerzas Armadas y la Policía Nacional / |
| Mención de responsabilidad |
Martha Rodríguez Caba -- |
| Título |
Diagnóstico de la educación en derecho humanos desde el horizonte de la sociedad civil / |
| Mención de responsabilidad |
Jaqueline Jiménez Polanco -- |
| Información miscelánea |
v. 2 . |
| Título |
Lineamientos estratégicos --- |
| -- |
Diagnóstico sobre la educación en derechos humanos en la República Dominicana -- |
| -- |
Hacia un plan nacional de educación en derechos humanos -- |
| -- |
Estrategias para la implementación del plan nacional. |
| 590 ## - NOTA LOCAL (RLIN) |
| Nota local |
Inventariado, 2018/LP |
| 650 #4 - PUNTO DE ACCESO ADICIONAL DE MATERIA--TÉRMINO DE MATERIA |
| Término de materia o nombre geográfico como elemento de entrada |
Educación para los derechos humanos |
| 9 (RLIN) |
2349 |
| 650 #4 - PUNTO DE ACCESO ADICIONAL DE MATERIA--TÉRMINO DE MATERIA |
| Término de materia o nombre geográfico como elemento de entrada |
Educación |
| Subdivisión geográfica |
República Dominicana |
| 9 (RLIN) |
737 |
| 700 1# - PUNTO DE ACCESO ADICIONAL--NOMBRE DE PERSONA |
| Nombre de persona |
Rodríguez, Marta |
| 9 (RLIN) |
2350 |
| 700 1# - PUNTO DE ACCESO ADICIONAL--NOMBRE DE PERSONA |
| Nombre de persona |
Jiménez Polanco, Jacqueline |
| 9 (RLIN) |
2351 |
| 700 1# - PUNTO DE ACCESO ADICIONAL--NOMBRE DE PERSONA |
| Nombre de persona |
Fabiancic, Nick |
| 9 (RLIN) |
2352 |
| 700 1# - PUNTO DE ACCESO ADICIONAL--NOMBRE DE PERSONA |
| Nombre de persona |
Tiburcio, Luis |
| 9 (RLIN) |
2353 |
| 700 1# - PUNTO DE ACCESO ADICIONAL--NOMBRE DE PERSONA |
| Nombre de persona |
Gómez de Mejía, Rosa |
| 9 (RLIN) |
2354 |
| 910 ## - DATOS DE OPCIÓN DEL USUARIO (OCLC) |
| Datos de opción del usuario |
Validado. Control de calidad MMOLINA |
| 942 ## - ELEMENTOS DE PUNTO DE ACCESO ADICIONAL (KOHA) |
| Fuente del sistema de clasificación o colocación |
Dewey Decimal Classification |
| Tipo de ítem Koha |
Libro |